| 000 | 00416nam a2200157 a 4500 | ||
|---|---|---|---|
| 005 | 20140310183151.0 | ||
| 008 | 021204s19uu xx 00 eng d | ||
| 050 |
_aPZ 3 _b.C12743 1959 |
||
| 100 | _aCaldwell, Taylor | ||
| 245 |
_aYour sins and mine / _cTaylor Caldwell. |
||
| 260 |
_aNew York ; _bPopular Library, _c1959. |
||
| 300 |
_a126 p. : _c17 cm. |
||
| 650 | _aFiction | ||
| 942 |
_cBK _2lcc |
||
| 999 |
_c19650 _d19650 |
||